Consultation on a Planning Policy Statement (Record no. 110526)

MARC details
000 -LEADER
fixed length control field 01245cad a22002175a 4500
001 - CONTROL NUMBER
control field L149533
008 - FIXED-LENGTH DATA ELEMENTS--GENERAL INFORMATION
fixed length control field 100316s20100309xxk f 000 0 eng d
020 ## - INTERNATIONAL STANDARD BOOK NUMBER
International Standard Book Number 9781409823261
035 ## - SYSTEM CONTROL NUMBER
System control number (Sirsi) u149533
041 0# - LANGUAGE CODE
Language code of text/sound track or separate title eng
050 04 - LIBRARY OF CONGRESS CALL NUMBER
Classification number 333.72 $2 19
110 2# - MAIN ENTRY--CORPORATE NAME
Corporate name or jurisdiction name as entry element United Kingdom
Subordinate unit Department for Communities and Local Government
9 (RLIN) 4939
245 00 - TITLE STATEMENT
Title Consultation on a Planning Policy Statement
Remainder of title planning for a low carbon future in a changing climate
Medium [electronic resource]
260 ## - PUBLICATION, DISTRIBUTION, ETC.
Place of publication, distribution, etc. London
Name of publisher, distributor, etc. DCLG
Date of publication, distribution, etc. 2010
520 ## - SUMMARY, ETC.
Summary, etc. A consultation on planning policy for climate change and renewable energy is seeking contributions for its development. It aims to consolidate "Planning Policy Statement: Planning and Climate change", 2007 (L141762) and "Planning Policy Statement 22: Renewal Energy" 2004 (L136347) into a revised supplement to "Planning Policy Statement 1: delivering sustainable development". E-consultation closes 1 June 2010.
590 ## - LOCAL NOTE (RLIN)
Local note KA NTK
651 #4 - SUBJECT ADDED ENTRY--GEOGRAPHIC NAME
Geographic name ENGLAND AND WALES
690 ## - LOCAL SUBJECT ADDED ENTRY--TOPICAL TERM (OCLC, RLIN)
Topical term or geographic name as entry element ENVIRONMENTAL AND LAND CONSULTANCY-SUSTAINABILITY-SUSTAINABLE DEVELOPMENT
856 48 - ELECTRONIC LOCATION AND ACCESS
Uniform Resource Identifier <a href="https://www.communities.gov.uk/documents/planningandbuilding/pdf/1499780.pdf">https://www.communities.gov.uk/documents/planningandbuilding/pdf/1499780.pdf</a>
Public note View this item free of charge at www.communities.gov.uk
942 ## - ADDED ENTRY ELEMENTS (KOHA)
Suppress in OPAC 0
Holdings
Withdrawn status Lost status Source of classification or shelving scheme Damaged status Not for loan Home library Current library Shelving location Date acquired Total Checkouts Full call number Barcode Date last seen Copy number Price effective from Koha item type
    Dewey Decimal Classification     Virtual Virtual Online 16/03/2010   ONLINE PUBLICATION 149533-2001 06/08/2019 1 06/08/2019 Book